[Event "38. Offene Stadtmeisterschaft"]
[Site "Bergisch Gladbach"]
[Date "2016.09.02"]
[Round "2.13"]
[White "Pfennig, Dieter"]
[Black "Roder, Stephan"]
[Result "1/2-1/2"]
[WhiteElo "1396"]
[BlackElo "1170"]
[PlyCount "88"]
[EventDate "2016.??.??"]
[EventType "swiss"]
[EventRounds "7"]

1. e4 c5 2. Nc3 Nc6 3. Nf3 Nf6 4. d4 cxd4 5. Nxd4 e5 6. Nxc6 bxc6 7. Bg5 Bc5 8.
Qf3 O-O 9. Bxf6 Qxf6 10. Qxf6 gxf6 11. Bc4 Rb8 12. Rb1 Bd4 13. O-O Rb4 14. Bd3
a5 15. a3 Rb8 16. Bc4 d6 17. Rfd1 Bg4 18. Re1 Rfd8 19. h3 Bc8 20. Kf1 Kf8 21.
Red1 Ke7 22. Ke2 f5 23. Bd3 f4 24. Kf3 Be6 25. Na4 f6 26. b3 Bf7 27. Ke2 Rg8
28. Rg1 Rg7 29. g3 fxg3 30. Rxg3 Bh5+ 31. Kf1 Rbg8 32. Rxg7+ Rxg7 33. Be2 Bg6
34. Bf3 Be8 35. c3 Ba7 36. Nb2 Bd7 37. h4 Rg8 38. Nc4 Bh3+ 39. Ke2 a4 40. bxa4
Bc8 41. Ne3 Ba6+ 42. Kd2 Bc8 43. Ke2 Ba6+ 44. Kd2 Bc8 1/2-1/2

[Event "38. Offene Stadtmeisterschaft"]
[Site "Bergisch Gladbach"]
[Date "2016.09.02"]
[Round "2.14"]
[White "Ramien, Hannah"]
[Black "Hoferichter, Michael"]
[Result "1-0"]
[WhiteElo "843"]
[BlackElo "1351"]
[PlyCount "97"]
[EventDate "2016.??.??"]
[EventType "swiss"]
[EventRounds "7"]

1. e4 e6 2. d4 d5 3. Nc3 a6 4. Nf3 Nc6 5. Be2 Be7 6. O-O h6 7. Bf4 Nf6 8. e5
Ne4 9. Qd3 Nxc3 10. Qxc3 Bb4 11. Qe3 Ne7 12. c3 Nf5 13. Qd3 Be7 14. h3 g5 15.
Bd2 h5 16. Be3 g4 17. hxg4 hxg4 18. Nd2 Rg8 19. g3 Kd7 20. Bf4 Qf8 21. Kg2 Rg7
22. Rh1 b6 23. Rh2 Bb7 24. Rah1 Bc6 25. Qc2 Rg8 26. Bd3 Bg5 27. Bxf5 Bxf4 28.
gxf4 exf5 29. Qxf5+ Kd8 30. Qf6+ Kd7 31. Rh6 Bb7 32. R6h5 Kc8 33. Rg5 Kd7 34.
Qf5+ Kc6 35. Rxg4 Rxg4+ 36. Qxg4 Bc8 37. Qg5 Kb7 38. Kf3 Bd7 39. Qf6 c5 40. Rh6
Kc8 41. Rh8 Qxh8 42. Qxh8+ Kb7 43. Qg7 Be8 44. dxc5 bxc5 45. e6 Kb6 46. exf7
Bc6 47. f8=Q d4+ 48. Ne4 dxc3 49. bxc3 1-0

[Event "38. Offene Stadtmeisterschaft"]
[Site "Bergisch Gladbach"]
[Date "2016.09.02"]
[Round "2.15"]
[White "Schiminowski, Tim"]
[Black "Blüggel, Theodor"]
[Result "1-0"]
[WhiteElo "1312"]
[BlackElo "888"]
[PlyCount "99"]
[EventDate "2016.??.??"]
[EventType "swiss"]
[EventRounds "7"]

1. e4 e5 2. Nf3 Nc6 3. d4 exd4 4. Nxd4 Nxd4 5. Qxd4 Ne7 6. Bc4 d6 7. Bh6 Nc6 8.
Qc3 Ne5 9. Bf4 Qf6 10. Bxe5 Qxe5 11. Qxe5+ dxe5 12. Nd2 Bd6 13. O-O-O Bg4 14.
f3 Bh5 15. Bb3 O-O-O 16. Nc4 Rhf8 17. Nxd6+ cxd6 18. Rd5 f6 19. Rhd1 Kc7 20.
R5d3 Bf7 21. Rc3+ Kb8 22. Bxf7 Rxf7 23. g4 Rfd7 24. Rcd3 h6 25. c4 b6 26. b3
Kb7 27. Kc2 a6 28. Rd5 a5 29. Rb5 Rc8 30. h4 Rc5 31. Rxc5 bxc5 32. h5 Kc6 33.
Rd5 Kb6 34. a3 Ka6 35. Kc3 Kb6 36. b4 axb4+ 37. axb4 cxb4+ 38. Kxb4 Kc6 39. Ra5
Rb7+ 40. Rb5 Rxb5+ 41. cxb5+ Kb6 42. Kc4 Kc7 43. Kd5 Kb6 44. Kxd6 Kxb5 45. Ke6
Kc5 46. Kf7 Kd4 47. Kxg7 Ke3 48. Kxf6 Kxf3 49. Kf5 Ke3 50. g5 1-0

[Event "38. Offene Stadtmeisterschaft"]
[Site "Bergisch Gladbach"]
[Date "2016.09.09"]
[Round "3.1"]
[White "Henseler, Klaus"]
[Black "Eilers, Jochen"]
[Result "1/2-1/2"]
[WhiteElo "1816"]
[BlackElo "1956"]
[PlyCount "59"]
[EventDate "2016.??.??"]
[EventType "swiss"]
[EventRounds "7"]

1. c4 g6 2. Nf3 Bg7 3. Nc3 c5 4. e3 Nf6 5. d4 O-O 6. Be2 d6 7. O-O Nc6 8. d5
Na5 9. e4 e5 10. dxe6 Bxe6 11. Nd2 a6 12. Rb1 Rb8 13. b3 Qd7 14. a4 Nc6 15. Bb2
Nd4 16. Nf3 b5 17. axb5 axb5 18. Nxd4 cxd4 19. Nxb5 Nxe4 20. Bxd4 Bxd4 21. Qxd4
Bf5 22. Rbd1 Nc5 23. b4 Na6 24. Qb2 Qe7 25. Bf3 Bd7 26. Rfe1 Qg5 27. Rd5 Qf4
28. Re4 Rfe8 29. Rxe8+ Rxe8 30. Rd1 1/2-1/2

[Event "38. Offene Stadtmeisterschaft"]
[Site "Bergisch Gladbach"]
[Date "2016.09.09"]
[Round "3.4"]
[White "Hertling, Jürgen"]
[Black "Gutt, Oswald"]
[Result "0-1"]
[WhiteElo "1667"]
[BlackElo "1874"]
[PlyCount "74"]
[EventDate "2016.??.??"]
[EventType "swiss"]
[EventRounds "7"]

1. d4 d5 2. c4 e6 3. Nc3 Nf6 4. Nf3 Be7 5. e3 O-O 6. cxd5 exd5 7. Bd3 c6 8. O-O
Bg4 9. b3 Re8 10. Bb2 Bd6 11. Rc1 Nbd7 12. h3 Bh5 13. Be2 Qe7 14. Nh4 Bxe2 15.
Qxe2 Qe6 16. Qd3 Ne4 17. Nxe4 dxe4 18. Qe2 g5 19. d5 cxd5 20. Qh5 gxh4 21. Qg5+
Qg6 22. Qxd5 Rab8 23. Bd4 Nb6 24. Qb5 Re6 25. Kh1 Rbe8 26. Bxb6 axb6 27. Rfd1
Bf8 28. Rd5 h6 29. Rh5 Rc6 30. Rg1 Kh7 31. Rxh4 Bd6 32. Rh5 Re6 33. b4 Rc2 34.
f4 exf3 35. Qd5 fxg2+ 36. Rxg2 Rc1+ 37. Rg1 Rxg1# 0-1

[Event "38. Offene Stadtmeisterschaft"]
[Site "Bergisch Gladbach"]
[Date "2016.09.09"]
[Round "3.5"]
[White "Lobbes, Frank"]
[Black "Nichte, Philipp"]
[Result "1/2-1/2"]
[WhiteElo "1721"]
[BlackElo "1438"]
[PlyCount "90"]
[EventDate "2016.??.??"]
[EventType "swiss"]
[EventRounds "7"]

1. e4 e6 2. d4 d5 3. Nc3 dxe4 4. Nxe4 Nd7 5. Nf3 Ngf6 6. Nxf6+ Nxf6 7. Bd3 Be7
8. O-O O-O 9. Ne5 c5 10. dxc5 Bxc5 11. Bg5 h6 12. Bh4 Be7 13. Bg3 Bd7 14. Nxd7
Qxd7 15. Qe2 Rad8 16. Rad1 Qc6 17. Be5 Qc5 18. c3 a6 19. Bd4 Qc6 20. Rfe1 Rfe8
21. b4 b5 22. a4 Rb8 23. axb5 axb5 24. Ra1 Bd8 25. Ra7 Re7 26. Rea1 Reb7 27.
R7a6 Qd7 28. Be5 Rc8 29. Ra8 Rxa8 30. Rxa8 Ra7 31. Rxa7 Qxa7 32. Bxb5 Nd5 33.
c4 Nxb4 34. Qg4 f5 35. Qg6 Qe7 36. Qe8+ Qxe8 37. Bxe8 Na6 38. Bd6 Nc7 39. Bd7
Kf7 40. Kf1 Ne8 41. Bb4 Nf6 42. Bb5 Bc7 43. h3 g5 44. Ke2 e5 45. f3 h5 1/2-1/2

[Event "38. Offene Stadtmeisterschaft"]
[Site "Bergisch Gladbach"]
[Date "2016.09.09"]
[Round "3.6"]
[White "Ljuboschiz, Alexander"]
[Black "Schiminowski, Tim"]
[Result "1/2-1/2"]
[WhiteElo "1998"]
[BlackElo "1312"]
[PlyCount "66"]
[EventDate "2016.??.??"]
[EventType "swiss"]
[EventRounds "7"]

1. e4 e6 2. d4 d5 3. Nc3 Nf6 4. Bg5 Be7 5. e5 Nfd7 6. Bxe7 Qxe7 7. f4 a6 8. Nf3
c5 9. dxc5 Nxc5 10. Bd3 Nc6 11. a3 b5 12. b4 Nxd3+ 13. cxd3 f6 14. O-O O-O 15.
Qe2 fxe5 16. fxe5 Qa7+ 17. Kh1 Bd7 18. h3 Nd4 19. Qf2 Nxf3 20. Qxa7 Rxa7 21.
Rxf3 Rxf3 22. gxf3 Rc7 23. Rc1 Be8 24. Ne2 Rxc1+ 25. Nxc1 Kf7 26. Nb3 Bd7 27.
Nc5 Bc8 28. Kg2 Kg6 29. Kg3 Kf5 30. d4 g5 31. Nd3 Bd7 32. Kf2 h5 33. Nc5 Bc8
1/2-1/2

[Event "38. Offene Stadtmeisterschaft"]
[Site "Bergisch Gladbach"]
[Date "2016.09.09"]
[Round "3.7"]
[White "Gnass, Arno"]
[Black "Weiser, Hans-Josef"]
[Result "0-1"]
[WhiteElo "1640"]
[BlackElo "1990"]
[PlyCount "95"]
[EventDate "2016.??.??"]
[EventType "swiss"]
[EventRounds "7"]

1. d4 Nf6 2. Nf3 e6 3. e3 b6 4. b3 Bb7 5. Bb2 Be7 6. Nbd2 d6 7. Bd3 c5 8. O-O
Nbd7 9. c4 Qc7 10. Qc2 O-O 11. Ng5 h6 12. Nge4 Rac8 13. Rfc1 Rfd8 14. h3 Qb8
15. a4 a5 16. Nxf6+ Nxf6 17. Ne4 Qa8 18. Nxf6+ Bxf6 19. Bf1 d5 20. dxc5 Bxb2
21. Qxb2 Rxc5 22. Qe2 Rdc8 23. Qg4 dxc4 24. Rxc4 Rg5 25. Rxc8+ Qxc8 26. Qc4 Rc5
27. Qf4 Qc6 28. h4 Rd5 29. Qg3 Kh7 30. Be2 Qc3 31. Rf1 Qxb3 32. Bf3 Rd7 33.
Bxb7 Rxb7 34. Qf4 Qd3 35. Rc1 Rd7 36. Rc7 Qd1+ 37. Kh2 Rxc7 38. Qxc7 Qxa4 39.
Qxf7 Qxh4+ 40. Kg1 Qe4 41. Qa7 Qb4 42. Qa6 Qb3 43. Qb7 Qb1+ 44. Kh2 b5 45. Qc6
Qf5 46. f3 Qe5+ 47. Kh3 b4 48. Qc2+ 0-1

[Event "38. Offene Stadtmeisterschaft"]
[Site "Bergisch Gladbach"]
[Date "2016.09.09"]
[Round "3.8"]
[White "Salbert, Heinrich"]
[Black "Paul, Andre David"]
[Result "1-0"]
[WhiteElo "1899"]
[BlackElo "1529"]
[PlyCount "27"]
[EventDate "2016.??.??"]
[EventType "swiss"]
[EventRounds "7"]

1. e4 e6 2. d3 d5 3. Nd2 c5 4. g3 Nc6 5. Bg2 Nf6 6. Ngf3 dxe4 7. dxe4 e5 8. O-O
Qc7 9. c3 Be7 10. Qe2 O-O 11. a4 h6 12. Nc4 Rb8 13. Nfxe5 Be6 14. Bf4 1-0

[Event "38. Offene Stadtmeisterschaft"]
[Site "Bergisch Gladbach"]
[Date "2016.09.09"]
[Round "3.9"]
[White "Behle, Burkhard"]
[Black "Ramien, Hannah"]
[Result "1-0"]
[WhiteElo "1863"]
[BlackElo "843"]
[PlyCount "65"]
[EventDate "2016.??.??"]
[EventType "swiss"]
[EventRounds "7"]

1. d4 d5 2. c4 Nc6 3. Nf3 Bg4 4. cxd5 Qxd5 5. Nc3 Qd8 6. d5 Nb4 7. Qa4+ c6 8.
Qxb4 cxd5 9. Qxg4 Nf6 10. Qa4+ Nd7 11. Ne5 e6 12. e3 a6 13. Qxd7+ Qxd7 14. Nxd7
Kxd7 15. Bd2 Bb4 16. Na4 Bxd2+ 17. Kxd2 b5 18. Nb6+ Kc6 19. Nxa8 Rxa8 20. Be2
Kd6 21. Rhc1 Ra7 22. Rc2 Rc7 23. Rxc7 Kxc7 24. b4 Kd6 25. a4 bxa4 26. Rxa4 Ke5
27. Rxa6 Kf6 28. b5 Ke7 29. b6 Kd7 30. Bb5+ Kc8 31. Ra7 Kb8 32. Bc6 Kc8 33.
Ra8# 1-0

[Event "38. Offene Stadtmeisterschaft"]
[Site "Bergisch Gladbach"]
[Date "2016.09.09"]
[Round "3.12"]
[White "Klein, Andreas"]
[Black "Fey, Helmut"]
[Result "1/2-1/2"]
[WhiteElo "1531"]
[BlackElo "1365"]
[PlyCount "53"]
[EventDate "2016.??.??"]
[EventType "swiss"]
[EventRounds "7"]

1. d4 Nf6 2. c4 c5 3. d5 b5 4. Nd2 bxc4 5. Nxc4 d6 6. Nf3 g6 7. g3 Bg7 8. Bg2
O-O 9. O-O Nbd7 10. Re1 Nb6 11. Nxb6 axb6 12. e4 Nd7 13. a3 b5 14. Qc2 Ne5 15.
Nxe5 Bxe5 16. Rb1 Bd7 17. Bh6 Bg7 18. Bxg7 Kxg7 19. Qc3+ Kg8 20. Rbd1 Rc8 21.
e5 Qb6 22. e6 fxe6 23. dxe6 Bc6 24. Bxc6 Qxc6 25. Qd2 Qb6 26. Qg5 Rf6 27. Qe3
1/2-1/2

[Event "38. Offene Stadtmeisterschaft"]
[Site "Bergisch Gladbach"]
[Date "2016.09.09"]
[Round "3.13"]
[White "Schüers, Christian"]
[Black "Pfennig, Dieter"]
[Result "1/2-1/2"]
[WhiteElo "1520"]
[BlackElo "1170"]
[PlyCount "64"]
[EventDate "2016.??.??"]
[EventType "swiss"]
[EventRounds "7"]

1. d4 d5 2. Nf3 Nc6 3. Bf4 Nf6 4. h3 e6 5. e3 Bd6 6. Bxd6 cxd6 7. c3 Qb6 8. Qb3
Qxb3 9. axb3 a6 10. Nbd2 e5 11. Be2 Bd7 12. O-O O-O 13. b4 b5 14. Nb3 Ra7 15.
Bxb5 axb5 16. Rxa7 Nxa7 17. Ra1 Ra8 18. Nh2 Ne8 19. Nf1 Nc7 20. Na5 Nc6 21. Nd2
Nxa5 22. bxa5 Na6 23. b4 Rc8 24. Ra3 Re8 25. Nf3 Bf5 26. Ra1 Be4 27. Nd2 Bd3
28. Nf3 Be2 29. Ne1 exd4 30. exd4 Bc4 31. Nc2 Re2 32. Rc1 Re8 1/2-1/2

[Event "38. Offene Stadtmeisterschaft"]
[Site "Bergisch Gladbach"]
[Date "2016.09.09"]
[Round "3.15"]
[White "Roder, Stephan"]
[Black "Hoferichter, Michael"]
[Result "1/2-1/2"]
[WhiteElo "1396"]
[BlackElo "1351"]
[PlyCount "80"]
[EventDate "2016.??.??"]
[EventType "swiss"]
[EventRounds "7"]

1. d4 d5 2. Nf3 Nf6 3. g3 Bg4 4. Bg2 e6 5. O-O c6 6. Nbd2 Bd6 7. Nb3 Nbd7 8.
Bg5 O-O 9. Qe1 Bxf3 10. Bxf3 h6 11. Bd2 b6 12. a4 a5 13. Bg2 e5 14. c3 e4 15.
Bh3 Re8 16. e3 Qc7 17. Nc1 h5 18. Ne2 Ng4 19. f3 exf3 20. Rxf3 Ndf6 21. Bxg4
Nxg4 22. Rd1 Re6 23. h3 Nf6 24. Nf4 Re4 25. Ng2 Qd7 26. Qf1 Qxh3 27. Nf4 Qd7
28. Qg2 Rae8 29. Qh2 Qg4 30. Kf2 Bxf4 31. gxf4 Qf5 32. Qg3 Ng4+ 33. Ke2 R8e6
34. Re1 Rg6 35. Qh3 Rge6 36. Rg1 Kf8 37. Rgf1 g6 38. Qh4 Re7 39. Qg3 Ke8 40.
Rh1 R7e6 1/2-1/2

[Event "38. Offene Stadtmeisterschaft"]
[Site "Bergisch Gladbach"]
[Date "2016.09.09"]
[Round "3.14"]
[White "Grothe, Karl-Josef"]
[Black "Felsmann, Helmut"]
[Result "0-1"]
[WhiteElo "1180"]
[BlackElo "1293"]
[PlyCount "78"]
[EventDate "2016.??.??"]
[EventType "swiss"]
[EventRounds "7"]

1. e4 e5 2. f4 Nc6 3. Nf3 Bc5 4. fxe5 Nd4 5. Bc4 Nxf3+ 6. Qxf3 Qe7 7. d4 Bxd4
8. Rf1 Bxe5 9. Qxf7+ Qxf7 10. Bxf7+ Ke7 11. Bg5+ Nf6 12. Bc4 Bxh2 13. Bxf6+
gxf6 14. Nd2 Bg3+ 15. Ke2 d6 16. Nf3 a6 17. Rh1 Bg4 18. Rhf1 h5 19. Rh1 Rh6 20.
Ke3 Rah8 21. Nd4 h4 22. Be2 Bd7 23. Bf3 Be5 24. c3 h3 25. g3 h2 26. Ne2 Bb5 27.
Nc1 Rg8 28. Ne2 Bxe2 29. Kxe2 Bxg3 30. Raf1 Be5 31. Kd3 Rhg6 32. Kc2 Rg1 33.
Rf2 Rxh1 34. Bxh1 Rg1 35. Rg2 Rxh1 36. Rg7+ Ke6 37. Rh7 Rg1 38. Rxh2 Bxh2 39.
a4 Ke5 0-1

[Event "38. Offene Stadtmeisterschaft"]
[Site "Bergisch Gladbach"]
[Date "2016.09.09"]
[Round "3.16"]
[White "Hoffmann, Julian"]
[Black "Wilde, Christian"]
[Result "1/2-1/2"]
[WhiteElo "996"]
[BlackElo "1219"]
[PlyCount "78"]
[EventDate "2016.??.??"]
[EventType "swiss"]
[EventRounds "7"]

1. e4 c5 2. Nf3 Nc6 3. Bb5 Nd4 4. Nxd4 cxd4 5. O-O e5 6. d3 Nf6 7. b3 a6 8. Bc4
d5 9. Bxd5 Nxd5 10. exd5 Qxd5 11. c4 dxc3 12. Nxc3 Qd6 13. Bb2 Be7 14. Re1 Bf6
15. Ne4 Qd8 16. Nxf6+ gxf6 17. d4 Be6 18. dxe5 Qxd1 19. Raxd1 f5 20. h3 O-O 21.
Rc1 Rac8 22. Ba3 Rxc1 23. Rxc1 Rc8 24. Bb2 Rc2 25. Rb1 b5 26. Bd4 Rxa2 27. b4
Bc4 28. Rb2 Rxb2 29. Bxb2 h5 30. Bc3 Kf8 31. f3 Kg7 32. g4 fxg4 33. hxg4 hxg4
34. fxg4 Kg6 35. Kf2 Kg5 36. Kg3 Kg6 37. Kf4 Be6 38. g5 Bd5 39. Bd2 Ba8 1/2-1/2

[Event "38. Offene Stadtmeisterschaft"]
[Site "Bergisch Gladbach"]
[Date "2016.09.16"]
[Round "4.2"]
[White "Gutt, Oswald"]
[Black "Henseler, Klaus"]
[Result "1-0"]
[WhiteElo "1874"]
[BlackElo "1816"]
[PlyCount "75"]
[EventDate "2016.??.??"]
[EventType "swiss"]
[EventRounds "7"]

1. d4 Nf6 2. c4 g6 3. Nc3 Bg7 4. e4 d6 5. Be2 O-O 6. f4 c5 7. Nf3 Bg4 8. Be3
Bxf3 9. Bxf3 cxd4 10. Bxd4 Nc6 11. Be3 Rc8 12. O-O Nd7 13. Rc1 a6 14. Qd2 Re8
15. Rfd1 Qa5 16. b3 Nf8 17. Nd5 Qxd2 18. Rxd2 Nd7 19. Bg4 e6 20. Nb6 Nxb6 21.
Bxb6 Bf8 22. Rcd1 Nb8 23. Bf3 Nd7 24. Bf2 Nc5 25. Rxd6 Bxd6 26. Rxd6 e5 27. Rd5
b6 28. fxe5 Rcd8 29. b4 Nd3 30. Rxd3 Rxd3 31. Bxb6 Rxe5 32. c5 f5 33. Bc7 Rxe4
34. Bxe4 fxe4 35. Kf1 Ra3 36. Bd6 Rxa2 37. c6 Rc2 38. Bc5 1-0

[Event "38. Offene Stadtmeisterschaft"]
[Site "Bergisch Gladbach"]
[Date "2016.09.16"]
[Round "4.3"]
[White "Eilers, Jochen"]
[Black "Salbert, Heinrich"]
[Result "1/2-1/2"]
[WhiteElo "1956"]
[BlackElo "1899"]
[PlyCount "45"]
[EventDate "2016.??.??"]
[EventType "swiss"]
[EventRounds "7"]

1. g3 g6 2. Bg2 Bg7 3. d3 d6 4. c4 e5 5. e4 f5 6. exf5 gxf5 7. Qh5+ Kf8 8. Nc3
Nf6 9. Qd1 Kf7 10. Nge2 Re8 11. O-O c6 12. d4 Qc7 13. Qc2 Kg8 14. Bg5 Na6 15.
Qd2 Be6 16. b3 Rad8 17. d5 Bc8 18. Rad1 c5 19. Bh6 Qf7 20. Qg5 Nc7 21. a4 Qg6
22. Qxg6 hxg6 23. Bg5 1/2-1/2

[Event "38. Offene Stadtmeisterschaft"]
[Site "Bergisch Gladbach"]
[Date "2016.09.16"]
[Round "4.5"]
[White "Themm, Rainer"]
[Black "Kulle, Robin"]
[Result "1-0"]
[WhiteElo "1871"]
[BlackElo "1664"]
[PlyCount "103"]
[EventDate "2016.??.??"]
[EventType "swiss"]
[EventRounds "7"]

1. c4 e5 2. Nc3 Nf6 3. g3 Be7 4. Bg2 O-O 5. b3 c6 6. e4 Na6 7. Nge2 Nc5 8. d3
d6 9. O-O Ne6 10. Bb2 c5 11. Bc1 Ne8 12. Nd5 Bg5 13. f4 Bh6 14. f5 Bxc1 15.
Qxc1 N6c7 16. Nec3 f6 17. g4 Bd7 18. Rf3 Bc6 19. Rg3 Bxd5 20. exd5 Qd7 21. Be4
b5 22. Qd2 a5 23. a4 bxc4 24. dxc4 Na6 25. Kh1 Nb4 26. Rag1 Ra7 27. Qg2 Rf7 28.
Nb1 Rb7 29. Nd2 Na6 30. h4 Kf8 31. Nb1 Ke7 32. Na3 Kd8 33. Nb5 Rf8 34. Qe2 h6
35. Kg2 Qf7 36. Kf1 Rh8 37. Ke1 Nb4 38. Kd1 Rd7 39. Rh1 Qf8 40. Rgh3 Kc8 41.
Qd2 Kd8 42. g5 hxg5 43. hxg5 Rxh3 44. Rxh3 Kc8 45. g6 Qe7 46. Qh2 Kd8 47. Rh8
Na6 48. Rg8 Nb4 49. Qh8 Na2 50. Kc2 Nb4+ 51. Kb2 Na6 52. Rf8 1-0

[Event "38. Offene Stadtmeisterschaft"]
[Site "Bergisch Gladbach"]
[Date "2016.09.16"]
[Round "4.6"]
[White "Winckler, Andreas"]
[Black "Behle, Burkhard"]
[Result "1/2-1/2"]
[WhiteElo "1718"]
[BlackElo "1863"]
[PlyCount "29"]
[EventDate "2016.??.??"]
[EventType "swiss"]
[EventRounds "7"]

1. c4 e5 2. g3 Nf6 3. Bg2 d5 4. cxd5 Nxd5 5. Nc3 Nb6 6. Nf3 Nc6 7. O-O Be7 8.
b3 O-O 9. Bb2 f5 10. e4 Be6 11. Re1 Bf6 12. exf5 Bxf5 13. Ne4 Nd7 14. Nxf6+
Qxf6 15. Qe2 1/2-1/2

[Event "38. Offene Stadtmeisterschaft"]
[Site "Bergisch Gladbach"]
[Date "2016.09.16"]
[Round "4.7"]
[White "Nichte, Philipp"]
[Black "Bigott, Martin"]
[Result "1-0"]
[WhiteElo "1438"]
[BlackElo "1831"]
[PlyCount "55"]
[EventDate "2016.??.??"]
[EventType "swiss"]
[EventRounds "7"]

1. e4 Nf6 2. e5 Nd5 3. Nf3 d6 4. Bc4 c6 5. d4 Bg4 6. h3 Bh5 7. Qd3 e6 8. Nc3
Nb4 9. Qe2 Bxf3 10. gxf3 dxe5 11. dxe5 Qd4 12. Bb3 Nd7 13. f4 Nd5 14. Nxd5 exd5
15. f3 Be7 16. h4 Qb6 17. c3 O-O-O 18. f5 Nxe5 19. Qxe5 Rhe8 20. Kf1 Bxh4 21.
Qd4 Qa6+ 22. Bc4 dxc4 23. Qxh4 Rd1+ 24. Kg2 Re2+ 25. Kg3 Rd3 26. Bf4 Qb6 27.
Rh2 Qxb2 28. Re1 1-0

[Event "38. Offene Stadtmeisterschaft"]
[Site "Bergisch Gladbach"]
[Date "2016.09.16"]
[Round "4.8"]
[White "Klein, Andreas"]
[Black "Ljuboschiz, Alexander"]
[Result "0-1"]
[WhiteElo "1531"]
[BlackElo "1998"]
[PlyCount "76"]
[EventDate "2016.??.??"]
[EventType "swiss"]
[EventRounds "7"]

1. d4 Nf6 2. c4 g6 3. Nc3 Bg7 4. e4 d6 5. Be2 O-O 6. Be3 e5 7. d5 Nbd7 8. Qd2
Nc5 9. f3 Nh5 10. g4 Nf4 11. O-O-O f5 12. h4 Bd7 13. Nh3 fxg4 14. fxg4 Qe7 15.
Ng5 a6 16. Rdf1 b5 17. b4 Na4 18. Nxa4 bxa4 19. c5 Nxe2+ 20. Qxe2 Bb5 21. Rxf8+
Rxf8 22. Qd2 Bh6 23. h5 Bxg5 24. Bxg5 Qf7 25. hxg6 Qxg6 26. Bh6 Rf6 27. cxd6
cxd6 28. g5 Rf3 29. Qc2 Qe8 30. Qc7 Rf7 31. Qxd6 Qc8+ 32. Kd1 Bd3 33. Qc5 Rc7
34. Qe3 Qg4+ 35. Ke1 Rc1+ 36. Kd2 Rxh1 37. Qf2 Rf1 38. Qa7 Qd1+ 0-1

[Event "38. Offene Stadtmeisterschaft"]
[Site "Bergisch Gladbach"]
[Date "2016.09.16"]
[Round "4.10"]
[White "Pfennig, Dieter"]
[Black "Gnass, Arno"]
[Result "0-1"]
[WhiteElo "1170"]
[BlackElo "1640"]
[PlyCount "100"]
[EventDate "2016.??.??"]
[EventType "swiss"]
[EventRounds "7"]

1. e4 c6 2. d4 d5 3. e5 Bf5 4. Bd3 Bxd3 5. Qxd3 e6 6. Nf3 Qa5+ 7. Bd2 Qa6 8.
Qxa6 Nxa6 9. a3 Ne7 10. Nc3 c5 11. dxc5 Nxc5 12. Be3 Nf5 13. Bd4 Be7 14. O-O
O-O 15. Rfe1 a6 16. Rad1 b5 17. b4 Nxd4 18. Nxd4 Nd7 19. Rd3 Rfc8 20. f4 Rc4
21. Ree3 a5 22. Ncxb5 axb4 23. Nd6 Nc5 24. Nxc4 Nxd3 25. cxd3 dxc4 26. axb4
Bxb4 27. Kf1 Bc5 28. Re4 cxd3 29. Nf3 Ra1+ 30. Re1 Rxe1+ 31. Kxe1 Be3 32. g3 h5
33. h3 Kh7 34. h4 Kg6 35. Ng5 Bc1 36. Kd1 d2 37. Ne4 f6 38. exf6 gxf6 39. Nxd2
Bxd2 40. Kxd2 Kf5 41. Ke3 Kg4 42. Kf2 Kh3 43. Kf3 f5 44. Kf2 Kh2 45. Kf3 Kg1
46. Ke3 Kg2 47. Kd4 Kxg3 48. Ke5 Kxh4 49. Kxe6 Kg4 50. Ke5 h4 0-1

[Event "38. Offene Stadtmeisterschaft"]
[Site "Bergisch Gladbach"]
[Date "2016.09.16"]
[Round "4.11"]
[White "Blüggel, Theodor"]
[Black "Schüers, Christian"]
[Result "0-1"]
[WhiteElo "888"]
[BlackElo "1520"]
[PlyCount "91"]
[EventDate "2016.??.??"]
[EventType "swiss"]
[EventRounds "7"]

1. d4 Nf6 2. c4 d6 3. Nc3 g6 4. f3 Bg7 5. e4 O-O 6. Be3 Nbd7 7. Bd3 c5 8. Nge2
b6 9. d5 Ne5 10. b3 Kh8 11. Ng3 Bd7 12. Bc2 Qc8 13. h3 Be8 14. Nce2 b5 15. Bd3
bxc4 16. bxc4 Qa6 17. f4 Ned7 18. Bd2 Nb6 19. Bc3 Ba4 20. Qd2 Nxc4 21. Bxc4
Qxc4 22. O-O Nxe4 23. Bxg7+ Kxg7 24. Nxe4 Qxe4 25. Rae1 Rfe8 26. Rc1 f6 27. Nc3
Qb4 28. Rfe1 Bd7 29. Rb1 Qa5 30. Re4 Qc7 31. Rbe1 Bf5 32. R4e3 a6 33. g4 Bc8
34. Qe2 Ra7 35. Kg2 Rb7 36. Kg3 Kf7 37. Qf1 f5 38. Qxa6 fxg4 39. hxg4 Qd7 40.
Re6 Rb2 41. Qf1 Qb7 42. g5 Bxe6 43. Rxe6 Rc2 44. Qf3 Rxc3 45. Qxc3 Qxd5 46. Re3
0-1

[Event "38. Offene Stadtmeisterschaft"]
[Site "Bergisch Gladbach"]
[Date "2016.09.16"]
[Round "4.12"]
[White "Ramien, Hannah"]
[Black "Roder, Stephan"]
[Result "0-1"]
[WhiteElo "843"]
[BlackElo "1396"]
[PlyCount "82"]
[EventDate "2016.??.??"]
[EventType "swiss"]
[EventRounds "7"]

1. e4 c5 2. d4 cxd4 3. c3 dxc3 4. Nxc3 e5 5. Nf3 Bb4 6. Bd2 Nc6 7. Bb5 Nge7 8.
O-O a6 9. Ba4 d6 10. Rc1 Bg4 11. a3 Bxc3 12. Rxc3 b5 13. Bb3 O-O 14. Bg5 Nd4
15. Bd5 Ra7 16. Bc6 f6 17. Be3 Nexc6 18. Rxc6 Bxf3 19. gxf3 Nxc6 20. Bxa7 Nxa7
21. Qb3+ Kh8 22. Kh1 Nc6 23. Rg1 Qb6 24. Qc2 Nd4 25. Qd3 Qc6 26. Qd1 f5 27. Qd3
fxe4 28. fxe4 Rf3 29. Qb1 Rxf2 30. Qe1 Rf4 31. Rg2 Qxe4 32. Qxe4 Rxe4 33. Rf2
Rf4 34. Rd2 Re4 35. Rd1 Re2 36. Rf1 Kg8 37. b4 g6 38. Rc1 Rc2 39. Rf1 Kg7 40.
Rd1 Nf3 41. h3 Rh2# 0-1

[Event "38. Offene Stadtmeisterschaft"]
[Site "Bergisch Gladbach"]
[Date "2016.09.16"]
[Round "4.15"]
[White "Hoferichter, Michael"]
[Black "Hoffmann, Julian"]
[Result "1-0"]
[WhiteElo "1351"]
[BlackElo "996"]
[PlyCount "65"]
[EventDate "2016.??.??"]
[EventType "swiss"]
[EventRounds "7"]

1. d4 d5 2. Nf3 Nf6 3. e3 Nc6 4. Bd3 e6 5. Nbd2 Be7 6. c4 O-O 7. e4 dxe4 8.
Nxe4 Nxd4 9. O-O c6 10. b3 Nxe4 11. Bxe4 Nxf3+ 12. Qxf3 Bf6 13. Qh3 h6 14. Rb1
e5 15. Qh5 Qd4 16. Re1 Qd7 17. h3 Qd8 18. Re3 Bg5 19. Rd3 Qe7 20. Rg3 f6 21.
Bxg5 fxg5 22. Rd1 Qf7 23. Qe2 Bf5 24. Rf3 Qg6 25. Re3 Rae8 26. c5 Bxe4 27. Rxe4
Rf5 28. Rd6 Re6 29. Qc4 Rff6 30. Rxe5 Qb1+ 31. Kh2 Kf7 32. Rexe6 Rxf2 33. Re1+
1-0

[Event "38. Offene Stadtmeisterschaft"]
[Site "Bergisch Gladbach"]
[Date "2016.09.16"]
[Round "4.16"]
[White "Hoffmann, Tobias"]
[Black "Grothe, Karl-Josef"]
[Result "0-1"]
[WhiteElo "1146"]
[BlackElo "1180"]
[PlyCount "124"]
[EventDate "2016.??.??"]
[EventType "swiss"]
[EventRounds "7"]

1. e4 e5 2. d4 exd4 3. Qxd4 Nc6 4. Qd3 Ne5 5. Qe3 Qe7 6. Nd2 Nf6 7. Ngf3 Neg4
8. Qd4 c5 9. Qd3 Ne5 10. Nxe5 Qxe5 11. Nc4 Qxe4+ 12. Qxe4+ Nxe4 13. Bd3 Nf6 14.
O-O d5 15. Ne3 c4 16. Bf5 Be6 17. b3 c3 18. Re1 g6 19. Bxe6 fxe6 20. h3 Be7 21.
Ng4 Nxg4 22. hxg4 Kd7 23. Bf4 g5 24. Be5 Rhf8 25. Bxc3 Rac8 26. Bd4 Bf6 27.
Bxf6 Rxf6 28. f3 Rxc2 29. a4 a5 30. Rac1 Rxc1 31. Rxc1 e5 32. Rd1 d4 33. Kf2
Rb6 34. Rb1 Rc6 35. b4 Rc2+ 36. Kf1 d3 37. Rd1 d2 38. Ke2 Ra2 39. Rxd2+ Rxd2+
40. Kxd2 axb4 41. Kc2 Kc7 42. Kb3 b6 43. g3 h6 44. f4 gxf4 45. gxf4 exf4 46.
Kc2 f3 47. Kd2 b3 48. Ke1 b2 49. Kf2 b1=Q 50. Kxf3 Qd1+ 51. Kf4 Qxa4+ 52. Kf5
Qc6 53. Kf4 Qd6+ 54. Kf5 Qf8+ 55. Ke5 Qg7+ 56. Kf5 Qg5+ 57. Ke6 Qxg4+ 58. Ke5
h5 59. Kf6 h4 60. Ke5 h3 61. Kf6 h2 62. Ke5 h1=Q 0-1